000
00278 a2200133 4500
000
nam a22 7a 4500
100
_a
Verma p
110
_a
Verma p
245
_a
Python for bio informatic
250
_a
latest
260
_b
Bpb
_c
2026
264
_b
Bpb
_c
2026
942
_c
BK
999
_c
395006
_d
395006